| 000 | 00476nam a22001937a 4500 | ||
|---|---|---|---|
| 003 | CEME | ||
| 005 | 20210628203812.0 | ||
| 008 | 210317b xxu||||| |||| 00| 0 eng d | ||
| 020 | _a0-07-011811-6 | ||
| 040 | _c. | ||
| 082 | _a621.3813 COL'F | ||
| 100 |
_aCollin, Robert E _9616 |
||
| 245 | _aFoundations for microwave engineering | ||
| 250 | _a2ND | ||
| 260 |
_aNEWYORK _bMCGRAW HILL _c1992 |
||
| 300 | _a924P | ||
| 650 |
_aMICROWAVE DEVICES _928228 |
||
| 942 |
_cBK _2ddc |
||
| 999 |
_c575165 _d575165 |
||